000 00452nam a22001817a 4500
003 NUST - PNEC
005 20170116181029.0
008 150919b xxu||||| |||| 00| 0 eng d
020 _a9788173195402
040 _cLIBRARY
082 _a621.811 RAM
100 _910976
_aRamamurti, V.
245 _aMechanics of machines
_cV. Ramamurti
250 _a2nd ed.
260 _cc.2005
650 _910980
_aMechanical engineering
_xME
942 _2ddc
_cBK
999 _c67671
_d67671